LIBRARY & INFORMATION CENTRE, KCAET, TAVANUR

ONLINE PUBLIC ACCESS CATALOGUE (OPAC)

Optimization linear programming / (Record no. 13231)

MARC details
000 -LEADER
fixed length control field 00450cam a2200181ua 4500
041 ## - LANGUAGE CODE
Language code of text/sound track or separate title eng
082 ## - DEWEY DECIMAL CLASSIFICATION NUMBER
Classification number 519.03
Item number MIS/OP
100 ## - MAIN ENTRY--AUTHOR NAME
Personal name Mishra, B N .
245 ## - TITLE STATEMENT
Title Optimization linear programming /
260 ## - PUBLICATION, DISTRIBUTION, ETC. (IMPRINT)
Place of publication New Delhi :
Name of publisher Ane Books India ,
Year of publication 2006.
300 ## - PHYSICAL DESCRIPTION
Number of Pages 307 ; .
700 1# - ADDED ENTRY--PERSONAL NAME
Personal name Mishra, B K .
942 ## - ADDED ENTRY ELEMENTS (KOHA)
Koha item type Books
Holdings
Withdrawn status Lost status Damaged status Home library Current library Date acquired Full call number Accession Number Koha item type
      KAUAET KAUAET 07/04/2012 519.03 MIS/OP 21869 Books
free website counter